000
00327nam a2200133Ia 4500
008
231017s9999 xx 000 0 und d
082
_a
625.84
082
_b
GAO
245
2
_a
A GIS-Enabled Multi-Year Pavement Rehabilitation Needs Analysis System
245
0
_c
Bo Gao
260
_b
Bo Gao
300
_c
30cm
942
_c
REP
999
_c
604853
_d
604853